000 00685nam a2200193 a 4500
001 000419013
003 AM-YEHGA
005 20250617160904.0
008 050407s1961 ||||||||||||||||||||rus d
040 _aAM-YeHGA
041 0 _arus
245 0 0 _aС ленинской правдой по жизни шагаем :
_bИз опыта работы пропагандистов /
_cРед. Е. Муравьев.
260 _aСмоленск :
_bСмоленское кн. изд-во,
_c1961.
300 _a80 с.
650 1 4 _aИстория Коммунистической партии
700 1 _aМуравьев, Е.
_eред.
_4edt
942 _2udc
_cBK
090 _c464998
999 _c461853
_d461853